Statistics for Random Knowledge Quiz #51

Click here to take the quiz!

General Stats

  • This quiz has been taken 64 times
  • The average score is 8 of 15

Answer Stats

QuestionAnswer% Correct
Hydrophobia is the fear of what?Water
98%
In which city does the Tour de France end?Paris
89%
Where is Coney Island located?Brooklyn
88%
On the former Soviet Union's flag, there is a sickle and a what?Hammer
86%
What is the Japanese word for "harbor wave"?Tsunami
73%
Which film studio's logo is a mountain surrounded by 22 stars?Paramount
70%
What two countries share world's longest international land border?USA and Canada
66%
Which Jane Austen novel was rewritten with zombies in 2009?Pride and Prejudice
54%
What Stephen Spielberg movie holds the record for most weeks at #1 at the box office in the USA?E.T. the Extra-Terrestrial
50%
Finish these lyrics: I hope you don't mind, I hope you don't mind / That I put down in words / How wonderful life is / While you're...In the world
46%
Outside of North America, in which country did Starbucks first open?Japan
43%
What is Beethoven's composition Bagatelle No. 25[a] in A minor (WoO 59, Bia 515) for solo piano more commonly known as?Für Elise
18%
What 1996 Olympic event had two US squads playing each other for the gold medal?Beach volleyball
16%
What does CODA stand for?Child of Deaf Adult
16%
Which disease was also known as the "Great white plague"?Tuberculosis
16%

Score Distribution

Percentile by Number Answered

Percent of People with Each Score

Your Score History

You have not taken this quiz